000 00810cam a2200229 a 4500
020 _a1566901189
020 _a9781566901185
020 _a1566901197
020 _a9781566901192
040 _cDLC
082 0 0 _a910 YUE 1997 A101 Co.
100 1 _aChou, Yue-Hong,
245 1 0 _aExploring spatial analysis in geographic information systems /
250 _aFirst edition
300 _axiii, 474 pages :
_billustrations ;
_c23 cm
520 _a"For students and professionals who wish to quickly become proficient with spacial analytical techniques employed in geographic information systems."
650 0 _aGeographic information systems
650 0 _aSpatial analysis (Statistics)
650 4 _aAnalyse spatiale (Statistique)
650 4 _aSyst©·mes d'information g©♭ographique
942 _cEK
999 _c13611
_d13611